00753nam a2200217Ia 4500003000900000005001700009008004100026040003300067041000800100080001200108100002500120245009000145260003000235300002000265650001200285650002500297650009000322942000700412952009900419999001700518LK-CoDNM20241010125648.0010623t1922 xxu||||| |||| 00| 1 eng d aLK-CoDNMdLK-CoDNMeLK-CoDNM aeng a5 bJ20 aAllman,George James. aA Monograph of the British Marine Annelids : Polychaeta Hermellidae to Sabellidae. bRay SocietyaLondonc1922 bvi,250p., 36 cm aZoology aAllman,George James. aA Monograph of the British Marine Annelids : Polychaeta Hermellidae to Sabellidae. cBK 001041708OBCaMAINbMAINcREFd2024-10-10l0o5 J20pOJP3001-2r2024-10-10w2024-10-10yBK c90897d90897